[Event "North American Open 2014"]
[Site "Las Vegas"]
[Date "2014.12.27"]
[Round "3.26"]
[White "Wheeler, Cameron"]
[Black "Sinha, Sahil"]
[Result "1-0"]
[WhiteElo "2284"]
[BlackElo "2063"]
[PlyCount "157"]
[EventDate "2014.12.??"]
[EventType "swiss"]
[EventRounds "9"]
[EventCountry "USA"]
[Source "MonRoi"]

1. c4 c5 2. g3 Nc6 3. Bg2 g6 4. Nc3 Bg7 5. Nf3 e6 6. O-O Nge7 7. d3 d5 8. cxd5
exd5 9. Bd2 O-O 10. Qc1 Re8 11. Bh6 Bh8 12. Bg5 Bg4 13. Qf4 Qd7 14. e4 d4 15.
Na4 b6 16. b3 f6 17. Bh6 Bxf3 18. Qxf3 Ne5 19. Qe2 Rac8 20. Nb2 b5 21. Bd2 N5c6
22. a4 a6 23. Rfc1 Qd6 24. Bf4 Ne5 25. axb5 axb5 26. Ra5 Qb6 27. Rca1 N7c6 28.
Ra6 Qb7 29. Bh3 Ra8 30. Be6+ Kf8 31. Rxa8 Rxa8 32. Rc1 Qe7 33. Bd5 Ra2 34. Bxe5
Nxe5 35. Rc2 Qd6 36. f4 Nc6 37. Bxc6 Qxc6 38. b4 c4 39. dxc4 bxc4 40. Nxc4 Ra1+
41. Kf2 Qd7 42. Qf3 d3 43. Rd2 Qd4+ 44. Ne3 Qxb4 45. Rd1 Rxd1 46. Nxd1 Qd2+ 47.
Kf1 Kg8 48. Nf2 Qc1+ 49. Qd1 d2 50. Ke2 Qc4+ 51. Kxd2 Qd4+ 52. Ke2 Qxd1+ 53.
Nxd1 Kf7 54. Kd3 Ke6 55. Kd4 Bg7 56. Nc3 Bf8 57. Na4 Bg7 58. Nc5+ Kd6 59. Nd3
Ke6 60. h4 h5 61. f5+ Kf7 62. Nf4 g5 63. Nxh5 gxh4 64. gxh4 Bh6 65. Ng3 Bf4 66.
Ne2 Bd2 67. Kd5 Be3 68. Nc3 Bd2 69. Nd1 Bf4 70. h5 Bh6 71. Nf2 Bf8 72. Ng4 Be7
73. h6 Bf8 74. h7 Bg7 75. Kd6 Bf8+ 76. Kd7 Bg7 77. Nh6+ Kf8 78. Ke6 Bh8 79. Nf7
1-0

[Event "North American Open 2014"]
[Site "Las Vegas"]
[Date "2014.12.27"]
[Round "3.28"]
[White "Jacobson, Brandon"]
[Black "Kretchetov, Alexandre"]
[Result "0-1"]
[WhiteElo "1981"]
[BlackElo "2264"]
[PlyCount "70"]
[EventDate "2014.12.??"]
[EventType "swiss"]
[EventRounds "9"]
[EventCountry "USA"]
[Source "MonRoi"]

1. e4 e5 2. Nf3 Nc6 3. Bb5 g6 4. c3 a6 5. Ba4 d6 6. d4 Bd7 7. O-O Bg7 8. Re1
Nge7 9. d5 Nb8 10. c4 O-O 11. Nc3 Bc8 12. b4 Nd7 13. Bb3 a5 14. Ba3 axb4 15.
Bxb4 h6 16. a4 Nc5 17. Nd2 Nd3 18. Ba3 Nxe1 19. Qxe1 c5 20. dxc6 bxc6 21. c5 d5
22. exd5 cxd5 23. Rd1 Be6 24. Nde4 Qa5 25. c6 Rfb8 26. Nc5 Nxc6 27. Bxd5 Bxd5
28. Rxd5 Nd4 29. N5e4 Qa6 30. Bd6 Re8 31. Bc7 Rac8 32. Nd6 Rxc7 33. Nxe8 Rxc3
34. Rd8 Kh7 35. Nxg7 Rc1 0-1

[Event "North American Open 2014"]
[Site "Las Vegas"]
[Date "2014.12.27"]
[Round "3.39"]
[White "Norovsambuu, Badamkhand"]
[Black "Li, Ruifeng"]
[Result "0-1"]
[WhiteElo "1980"]
[BlackElo "2351"]
[PlyCount "110"]
[EventDate "2014.12.??"]
[EventType "swiss"]
[EventRounds "9"]
[EventCountry "USA"]
[Source "MonRoi"]

1. d4 d6 2. c4 e5 3. e3 Nc6 4. d5 Nce7 5. Bd3 g6 6. Ne2 Bg7 7. Nbc3 f5 8. e4
Nf6 9. f3 O-O 10. Be3 c6 11. O-O f4 12. Bf2 g5 13. c5 cxd5 14. Nxd5 Nexd5 15.
exd5 g4 16. Kh1 Qe8 17. Nc3 Qh5 18. fxg4 Bxg4 19. Be2 Bxe2 20. Qxe2 Qxe2 21.
Nxe2 dxc5 22. Nc3 b6 23. Bh4 Ng4 24. Be7 Rf7 25. d6 Ne3 26. Rf3 Nf5 27. Nd5 Bf8
28. Re1 Bxe7 29. dxe7 Nxe7 30. Rxe5 Rd8 31. Nxe7+ Rxe7 32. Rg5+ Rg7 33. h4 Rxg5
34. hxg5 Rd1+ 35. Kh2 Rd2 36. Rxf4 Rxb2 37. Ra4 a5 38. a3 Rb3 39. g3 Kg7 40.
Kh3 Re3 41. Kg4 Re7 42. Rc4 Rc7 43. a4 Kg6 44. Kf4 Rf7+ 45. Ke5 Kxg5 46. Rh4 h5
47. Kd5 Rf3 48. Rh3 Rb3 49. Kc6 Kg4 50. Rh4+ Kxg3 51. Rxh5 Kf2 52. Kd5 Rb4 53.
Rh2+ Ke3 54. Ra2 Kd3 55. Ra3+ Kc2 0-1

[Event "North American Open 2014"]
[Site "Las Vegas"]
[Date "2014.12.27"]
[Round "4.2"]
[White "Dlugy, Maxim"]
[Black "Bu, Xiangzhi"]
[Result "1/2-1/2"]
[WhiteElo "2494"]
[BlackElo "2691"]
[PlyCount "54"]
[EventDate "2014.12.??"]
[EventType "swiss"]
[EventRounds "9"]
[EventCountry "USA"]
[Source "MonRoi"]

1. d4 Nf6 2. c4 e6 3. Nf3 d5 4. g3 dxc4 5. Bg2 a6 6. Ne5 c5 7. Na3 cxd4 8.
Naxc4 Ra7 9. Bd2 b6 10. e3 Bb7 11. Bxb7 Rxb7 12. Qf3 Qd5 13. exd4 Qxf3 14. Nxf3
Nd5 15. Ne3 f6 16. Rc1 Kd7 17. Nxd5 exd5 18. Ke2 Nc6 19. Kd3 Bd6 20. Nh4 Ne7
21. Ng2 Rc7 22. Rxc7+ Bxc7 23. Bf4 Bd8 24. h4 h5 25. Bd2 Bc7 26. Bf4 Bd8 27.
Bd2 Bc7 1/2-1/2

[Event "North American Open 2014"]
[Site "Las Vegas"]
[Date "2014.12.27"]
[Round "4.4"]
[White "Yanayt, Eugene"]
[Black "Zhou, Jianchao"]
[Result "0-1"]
[WhiteElo "2247"]
[BlackElo "2587"]
[PlyCount "126"]
[EventDate "2014.12.??"]
[EventType "swiss"]
[EventRounds "9"]
[EventCountry "USA"]
[Source "MonRoi"]

1. d4 Nf6 2. c4 e6 3. g3 d5 4. Bg2 Bb4+ 5. Bd2 Be7 6. Nf3 O-O 7. O-O Nbd7 8.
Qc2 c6 9. Bf4 b6 10. cxd5 cxd5 11. Nc3 Nh5 12. Bd2 Bb7 13. h3 Rc8 14. Qb3 Nhf6
15. Rfc1 Rc4 16. a3 Qa8 17. Bf4 Rfc8 18. Nb5 a6 19. Nc3 b5 20. a4 b4 21. Na2 a5
22. Qd1 Ba6 23. Bf1 Ne4 24. b3 R4c6 25. Rxc6 Rxc6 26. Rc1 Nc3 27. Qd2 h6 28.
Kg2 Nf6 29. Ne5 Nfe4 30. Qb2 Rc8 31. f3 Nxa2 32. Rxc8+ Qxc8 33. Qxa2 Nd6 34.
Bd2 Nf5 35. Qb2 Bg5 36. f4 Bf6 37. g4 Nd6 38. Qc1 Qd8 39. e3 Bxf1+ 40. Kxf1
Bxe5 41. dxe5 Ne4 42. Be1 Qa8 43. Qc2 Qa6+ 44. Qe2 Qxe2+ 45. Kxe2 Nc5 46. Bf2
Nxb3 47. e4 d4 48. Kd3 Nc5+ 49. Kc4 d3 50. Be3 Nxa4 51. Kxd3 b3 52. Bd4 g6 53.
h4 h5 54. gxh5 gxh5 55. Kd2 Kf8 56. f5 Ke8 57. Kd3 Kd7 58. Kd2 Kc6 59. fxe6
fxe6 60. Ke3 b2 61. Bxb2 Nxb2 62. Kf4 a4 63. Kg5 a3 0-1

[Event "North American Open 2014"]
[Site "Las Vegas"]
[Date "2014.12.27"]
[Round "4.5"]
[White "Becerra, Julio"]
[Black "Arenas, David"]
[Result "1-0"]
[WhiteElo "2546"]
[BlackElo "2435"]
[PlyCount "75"]
[EventDate "2014.12.??"]
[EventType "swiss"]
[EventRounds "9"]
[EventCountry "USA"]
[Source "MonRoi"]

1. e4 c5 2. Nf3 d6 3. Bb5+ Bd7 4. Bxd7+ Qxd7 5. O-O Nc6 6. c3 Nf6 7. d4 cxd4 8.
cxd4 d5 9. e5 Ne4 10. Ne1 h6 11. f3 Ng5 12. Nc3 e6 13. h4 Nh7 14. Be3 Be7 15.
Bf2 h5 16. f4 Nf8 17. Nd3 g6 18. Rc1 Qd8 19. Nc5 Rb8 20. Qa4 Nd7 21. Nxb7 Rxb7
22. Qxc6 Rxb2 23. Na4 Rb8 24. Nc5 Rc8 25. Qa4 Rc7 26. Na6 Rxc1 27. Rxc1 O-O 28.
Nc5 Nb6 29. Qxa7 Nc4 30. g3 Re8 31. Rb1 Bxc5 32. dxc5 d4 33. Rb7 Rf8 34. Rd7
Qc8 35. Rxd4 Rd8 36. Rxd8+ Qxd8 37. c6 Qd1+ 38. Kh2 1-0

[Event "North American Open 2014"]
[Site "Las Vegas"]
[Date "2014.12.27"]
[Round "4.6"]
[White "Wang, Chen"]
[Black "Shetty, Atulya"]
[Result "1/2-1/2"]
[WhiteElo "2473"]
[BlackElo "2307"]
[PlyCount "96"]
[EventDate "2014.12.??"]
[EventType "swiss"]
[EventRounds "9"]
[EventCountry "USA"]
[Source "MonRoi"]

1. e4 e6 2. Qe2 c5 3. g3 Nc6 4. Nf3 g6 5. Bg2 Bg7 6. O-O Nge7 7. c3 d6 8. Rd1
e5 9. Na3 O-O 10. Nc4 Re8 11. d3 d5 12. exd5 Nxd5 13. Ng5 f5 14. Qc2 h6 15. Ne4
fxe4 16. dxe4 Nd4 17. cxd4 Nb4 18. Qb3 exd4 19. a3 Nc6 20. e5 Kh7 21. Nd6 Rxe5
22. Nxc8 Na5 23. Qa4 Rxc8 24. b4 Nc4 25. Qb3 cxb4 26. Bf4 Rb5 27. axb4 a5 28.
Ra4 Qe7 29. Rb1 axb4 30. Rxb4 Na5 31. Qa4 Rxb4 32. Rxb4 Nc6 33. Rb1 d3 34. Qe4
Qd7 35. Bf1 Rd8 36. Rd1 Qd4 37. Qxd4 Rxd4 38. Rxd3 Rxd3 39. Bxd3 h5 40. Be4 Nd4
41. Kf1 b5 42. Bd6 Bf6 43. Ke1 Nf5 44. Bb4 Be7 45. Bc3 b4 46. Bb2 Bc5 47. Bd5
Nd4 48. Kd2 Nb5 1/2-1/2

[Event "North American Open 2014"]
[Site "Las Vegas"]
[Date "2014.12.27"]
[Round "4.7"]
[White "Huang, Qian"]
[Black "De Guzman, Ricardo"]
[Result "1/2-1/2"]
[WhiteElo "2464"]
[BlackElo "2386"]
[PlyCount "42"]
[EventDate "2014.12.??"]
[EventType "swiss"]
[EventRounds "9"]
[EventCountry "USA"]
[Source "MonRoi"]

1. c4 Nf6 2. Nf3 e6 3. Nc3 d5 4. d4 c6 5. e3 Nbd7 6. Qc2 h6 7. Bd3 Bd6 8. O-O
O-O 9. b3 b6 10. e4 dxe4 11. Nxe4 Nxe4 12. Bxe4 Bb7 13. Qe2 Nf6 14. Bc2 c5 15.
dxc5 Bxc5 16. Bb2 Qc7 17. Ne5 Rfd8 18. Rad1 Rxd1 19. Rxd1 Rd8 20. Rxd8+ Qxd8
21. Qd3 Qxd3 1/2-1/2

[Event "North American Open 2014"]
[Site "Las Vegas"]
[Date "2014.12.27"]
[Round "4.8"]
[White "Gareyev, Timur"]
[Black "Vittorino, Carlo"]
[Result "1-0"]
[WhiteElo "2621"]
[BlackElo "2322"]
[PlyCount "82"]
[EventDate "2014.12.??"]
[EventType "swiss"]
[EventRounds "9"]
[EventCountry "USA"]
[Source "MonRoi"]

1. d4 Nf6 2. c4 g6 3. Nc3 Bg7 4. e4 d6 5. Be2 O-O 6. Bg5 c5 7. d5 h6 8. Be3 e6
9. Qd2 exd5 10. exd5 h5 11. Nf3 Bg4 12. h3 Bxf3 13. Bxf3 Nbd7 14. g3 Qa5 15.
O-O Nb6 16. Be2 Na4 17. Nxa4 Qxa4 18. Kg2 Rfe8 19. Bd3 Re7 20. Bf4 Qd7 21. Rae1
Rae8 22. Rxe7 Qxe7 23. Qa5 b6 24. Qb5 Rc8 25. Bd2 Qb7 26. a4 Nd7 27. Re1 Bf6
28. Qb3 Qc7 29. f4 Qd8 30. Qb5 Bd4 31. Bc2 a5 32. b3 Nf6 33. f5 gxf5 34. Bxf5
Rb8 35. Bh6 Rb7 36. Bd3 Re7 37. Rxe7 Qxe7 38. Qxb6 Ne8 39. Qxa5 Ng7 40. Qd2 Qb7
41. Bc2 Qe7 1-0

[Event "North American Open 2014"]
[Site "Las Vegas"]
[Date "2014.12.27"]
[Round "4.9"]
[White "Brown, Michael"]
[Black "Shen, Yang"]
[Result "1-0"]
[WhiteElo "2319"]
[BlackElo "2475"]
[PlyCount "157"]
[EventDate "2014.12.??"]
[EventType "swiss"]
[EventRounds "9"]
[EventCountry "USA"]
[Source "MonRoi"]

1. d4 Nf6 2. c4 e6 3. Nc3 Bb4 4. Qc2 O-O 5. a3 Bxc3+ 6. Qxc3 b6 7. Bg5 Bb7 8.
e3 d6 9. Ne2 Nbd7 10. Qd3 Re8 11. Nc3 h6 12. Bh4 a5 13. Rd1 Qe7 14. Qc2 Rac8
15. f3 d5 16. cxd5 exd5 17. Bf2 c5 18. Bb5 Red8 19. O-O Nf8 20. Rfe1 Ne6 21.
Qf5 Bc6 22. Ba6 Ra8 23. Bd3 c4 24. Bb1 b5 25. e4 b4 26. axb4 axb4 27. e5 bxc3
28. exf6 Qxf6 29. Qh7+ Kf8 30. bxc3 Ke7 31. Bg3 Rh8 32. Qc2 Ba4 33. Qb2 Kf8 34.
Qb7 Qd8 35. Rd2 Kg8 36. Ra2 h5 37. Bf5 h4 38. Be5 Bc6 39. Qxc6 Rxa2 40. Bxe6
fxe6 41. Qxe6+ Kh7 42. Qf5+ Kg8 43. Rb1 Rh6 44. Rb8 Qxb8 45. Bxb8 Rb6 46. Qxd5+
Kh7 47. Qh5+ Kg8 48. Qe8+ Kh7 49. Qe4+ Kg8 50. Qe8+ Kh7 51. h3 Rb1+ 52. Kh2
Raa1 53. Qh5+ Kg8 54. Qxh4 Rxb8 55. Qe7 Rb3 56. Qe6+ Kh7 57. Qxc4 Raa3 58. Qd3+
Kg8 59. Qg6 Rxc3 60. h4 Rd3 61. Qe8+ Kh7 62. Qe4+ Kg8 63. h5 Rd1 64. Qe8+ Kh7
65. Qg6+ Kh8 66. h6 Ra7 67. hxg7+ Rxg7 68. Qe8+ Kh7 69. Qe4+ Kh8 70. g4 Ra7 71.
Qe5+ Kh7 72. g5 Rf7 73. Qe6 Kg7 74. Qe2 Ra1 75. d5 Ra5 76. Qb2+ Kg8 77. g6 Rxf3
78. Qb8+ Rf8 79. Qc7 1-0

[Event "North American Open 2014"]
[Site "Las Vegas"]
[Date "2014.12.27"]
[Round "4.10"]
[White "Song, Edward"]
[Black "Sevillano, Enrico"]
[Result "1/2-1/2"]
[WhiteElo "2289"]
[BlackElo "2465"]
[PlyCount "61"]
[EventDate "2014.12.??"]
[EventType "swiss"]
[EventRounds "9"]
[EventCountry "USA"]
[Source "MonRoi"]

1. Nf3 Nf6 2. c4 c6 3. g3 d5 4. Bg2 dxc4 5. O-O Bf5 6. Na3 e5 7. Nxc4 e4 8.
Nfe5 Bc5 9. Ne3 Be6 10. Qc2 Na6 11. d3 Qd4 12. N3c4 exd3 13. exd3 O-O 14. a3
Qd8 15. b4 Bd4 16. Bb2 Rc8 17. Rac1 Rc7 18. Na5 Bxb2 19. Qxb2 Bd5 20. Rfe1 Bxg2
21. Kxg2 Re8 22. Qb3 Rce7 23. Nf3 h6 24. Qc4 Nb8 25. d4 Ne4 26. Rcd1 Nd6 27.
Qd3 Rxe1 28. Rxe1 Rxe1 29. Nxe1 Nd7 30. Nf3 Qf6 31. Nb3 1/2-1/2

[Event "North American Open 2014"]
[Site "Las Vegas"]
[Date "2014.12.27"]
[Round "4.12"]
[White "Kretchetov, Alexandre"]
[Black "Gallego, Andres"]
[Result "0-1"]
[WhiteElo "2264"]
[BlackElo "2411"]
[PlyCount "69"]
[EventDate "2014.12.??"]
[EventType "swiss"]
[EventRounds "9"]
[EventCountry "USA"]
[Source "MonRoi"]

1. Nf3 Nf6 2. c4 g6 3. Nc3 d5 4. cxd5 Nxd5 5. Qa4+ Bd7 6. Qh4 Bc6 7. d3 Nxc3 8.
bxc3 Bg7 9. d4 Bxf3 10. gxf3 c5 11. e3 O-O 12. Bd2 Nc6 13. Qe4 Qd7 14. Rd1 Rfd8
15. f4 Na5 16. Bg2 Qb5 17. Qb1 Qa6 18. Bf3 Rab8 19. Be2 Qc6 20. O-O b5 21. Bc1
e6 22. Rfe1 b4 23. Qa1 Rdc8 24. Bb2 b3 25. axb3 Nxb3 26. Qxa7 Ra8 27. Qe7 Ra2
28. Ba1 Bf8 29. Qh4 c4 30. d5 exd5 31. Bf3 Qa6 32. Bxd5 Rc7 33. Qd8 Ra7 34. Qe8
Nxa1 35. Rd4 0-1

[Event "North American Open 2014"]
[Site "Las Vegas"]
[Date "2014.12.27"]
[Round "4.13"]
[White "Viswanadha, Kesav"]
[Black "Gulamali, Kazim"]
[Result "1/2-1/2"]
[WhiteElo "2404"]
[BlackElo "2315"]
[PlyCount "97"]
[EventDate "2014.12.??"]
[EventType "swiss"]
[EventRounds "9"]
[EventCountry "USA"]
[Source "MonRoi"]

1. e4 d6 2. d4 Nf6 3. Nc3 Nbd7 4. Nf3 e5 5. Bc4 Be7 6. O-O O-O 7. Re1 c6 8. a4
Qc7 9. Ba2 a5 10. h3 Nb6 11. Be3 Ra6 12. Nh2 Be6 13. d5 cxd5 14. exd5 Bd7 15.
Bb3 Nc4 16. Bc1 Rc8 17. Nf1 Qd8 18. Qe2 Nb6 19. f4 Rxc3 20. bxc3 Nbxd5 21. c4
Nb4 22. c5 e4 23. cxd6 Bxd6 24. Ng3 Bc6 25. Nf5 Bf8 26. Be3 Nfd5 27. Bxd5 Qxd5
28. Nd4 f5 29. Red1 Be8 30. Nb5 Qf7 31. Rd8 h6 32. Rxe8 Qxe8 33. Nc7 Qc6 34.
Nxa6 bxa6 35. Rd1 Qxc2 36. Qxc2 Nxc2 37. Bb6 Nb4 38. Rd8 Kf7 39. Ra8 Nd5 40.
Bxa5 Bc5+ 41. Kh2 Nxf4 42. Rxa6 Nd3 43. Rc6 e3 44. Bc3 e2 45. a5 Bd4 46. Bd2
Be3 47. Bc3 Bd4 48. Bd2 Be3 49. Bc3 1/2-1/2

[Event "North American Open 2014"]
[Site "Las Vegas"]
[Date "2014.12.27"]
[Round "4.15"]
[White "Bryant, John"]
[Black "Wheeler, Cameron"]
[Result "1-0"]
[WhiteElo "2367"]
[BlackElo "2284"]
[PlyCount "69"]
[EventDate "2014.12.??"]
[EventType "swiss"]
[EventRounds "9"]
[EventCountry "USA"]
[Source "MonRoi"]

1. e4 e6 2. d4 d5 3. Nd2 Nf6 4. e5 Nfd7 5. f4 c5 6. c3 Nc6 7. Ndf3 Qb6 8. g3
Be7 9. Kf2 cxd4 10. cxd4 g5 11. fxg5 Ndxe5 12. Nxe5 Nxe5 13. Kg2 Nc4 14. b3 Nd6
15. Nf3 Bd7 16. Bf4 O-O-O 17. Bd3 Bc6 18. Rc1 f6 19. Re1 fxg5 20. Nxg5 Bxg5 21.
Bxg5 Rde8 22. Bf4 Ne4 23. Be5 Rhf8 24. Rf1 Qb4 25. Qe2 Kd7 26. h4 a5 27. Kh3
Rxf1 28. Rxf1 Re7 29. Rf3 a4 30. bxa4 Qxa4 31. g4 Nc3 32. Qc2 Nxa2 33. Bxh7 Qa5
34. Bg6 Nb4 35. Qc5 1-0

[Event "North American Open 2014"]
[Site "Las Vegas"]
[Date "2014.12.27"]
[Round "4.17"]
[White "Tang, Andrew"]
[Black "Feng, Roland"]
[Result "1/2-1/2"]
[WhiteElo "2326"]
[BlackElo "2139"]
[PlyCount "70"]
[EventDate "2014.12.??"]
[EventType "swiss"]
[EventRounds "9"]
[EventCountry "USA"]
[Source "MonRoi"]

1. d4 Nf6 2. c4 e6 3. Nc3 Bb4 4. Qc2 O-O 5. Nf3 c5 6. dxc5 Na6 7. g3 Nxc5 8.
Bg2 Nce4 9. O-O Nxc3 10. bxc3 Be7 11. e4 d6 12. e5 dxe5 13. Nxe5 Qc7 14. Qe2
Nd7 15. Bf4 Nxe5 16. Bxe5 Bd6 17. Bxd6 Qxd6 18. Rfd1 Qc7 19. Rab1 Rb8 20. Qe3
b6 21. c5 bxc5 22. Rxb8 Qxb8 23. Qxc5 Ba6 24. Be4 Rc8 25. Qa5 Qb6 26. Qxb6 axb6
27. Rd6 Bc4 28. a4 Bb3 29. Bb7 Rb8 30. Bc6 Kf8 31. f4 Rc8 32. Bb5 Rxc3 33. Rxb6
Bd5 34. a5 Ra3 35. a6 Ra2 1/2-1/2

[Event "North American Open 2014"]
[Site "Las Vegas"]
[Date "2014.12.27"]
[Round "4.18"]
[White "Akobian, Varuzhan"]
[Black "Tate, Emory"]
[Result "1-0"]
[WhiteElo "2637"]
[BlackElo "2268"]
[PlyCount "33"]
[EventDate "2014.12.??"]
[EventType "swiss"]
[EventRounds "9"]
[EventCountry "USA"]
[Source "MonRoi"]

1. d4 g6 2. c4 Bg7 3. Nf3 d6 4. Nc3 Nd7 5. e4 e5 6. Bg5 f6 7. Be3 Bh6 8. Qd2
Bxe3 9. Qxe3 Ne7 10. Qh6 c6 11. O-O-O Qb6 12. c5 dxc5 13. dxe5 Nxe5 14. Nxe5
fxe5 15. Bc4 Qc7 16. Qg7 Rf8 17. Nb5 1-0

[Event "North American Open 2014"]
[Site "Las Vegas"]
[Date "2014.12.27"]
[Round "4.20"]
[White "Liang, Awonder"]
[Black "Molner, Mackenzie"]
[Result "0-1"]
[WhiteElo "2266"]
[BlackElo "2522"]
[PlyCount "140"]
[EventDate "2014.12.??"]
[EventType "swiss"]
[EventRounds "9"]
[EventCountry "USA"]
[Source "MonRoi"]

1. e4 c5 2. Nf3 e6 3. d4 cxd4 4. Nxd4 a6 5. Nc3 Ne7 6. Bd3 Nbc6 7. Nb3 Ng6 8.
O-O Be7 9. f4 b5 10. Be3 d6 11. Qf3 Bb7 12. Qh3 Qc8 13. e5 Nb4 14. exd6 Nxd3
15. dxe7 Nxb2 16. f5 exf5 17. Bd4 f6 18. Rae1 Nc4 19. Nc5 Be4 20. Ne6 Qxe6 21.
Nxe4 Nce5 22. Ng3 Kxe7 23. Nxf5+ Kf7 24. Qh5 Kg8 25. Kh1 Re8 26. Nh4 Nxh4 27.
Qxh4 h5 28. Bxe5 fxe5 29. a4 Rh6 30. axb5 axb5 31. Qb4 Qc6 32. Rf3 e4 33. Rc3
Qd7 34. Rce3 Rhe6 35. c4 bxc4 36. Qxc4 Kh7 37. h3 Qe7 38. Qd5 Re5 39. Qd4 Qe6
40. Kg1 Re7 41. Kh1 Rd7 42. Qb4 Re7 43. R1e2 Qf5 44. Qe1 R7e6 45. Qh4 Qf6 46.
Qe1 Qe7 47. Qb1 Qe8 48. Qe1 Qc6 49. Qh4 g6 50. Re1 Qb7 51. R1e2 Qe7 52. Qe1 g5
53. Qd1 Kh6 54. Qa4 h4 55. Qa8 Kg7 56. Re1 Qe8 57. Qxe8 Rxe8 58. g3 Kf6 59. Kg2
Kf5 60. R1e2 Rd8 61. Kf2 hxg3+ 62. Kxg3 Rd3 63. Kf2 Rxe3 64. Kxe3 Rd5 65. Rh2
Rd3+ 66. Ke2 Kf4 67. Rf2+ Rf3 68. Rxf3+ exf3+ 69. Kf2 Ke4 70. Kf1 Ke3 0-1

[Event "North American Open 2014"]
[Site "Las Vegas"]
[Date "2014.12.27"]
[Round "4.22"]
[White "Sohal, Tanraj"]
[Black "Winer, Steven"]
[Result "1/2-1/2"]
[WhiteElo "2252"]
[BlackElo "2380"]
[PlyCount "36"]
[EventDate "2014.12.??"]
[EventType "swiss"]
[EventRounds "9"]
[EventCountry "USA"]
[Source "MonRoi"]

1. d4 d5 2. c4 c6 3. cxd5 cxd5 4. Bf4 Nf6 5. Nc3 Nc6 6. e3 Bf5 7. Qb3 Na5 8.
Qa4+ Bd7 9. Qc2 e6 10. Bd3 Nc6 11. Qe2 Rc8 12. Nf3 Nh5 13. Be5 f6 14. Bg3 f5
15. Be5 Nf6 16. O-O Be7 17. Nb5 O-O 18. Bd6 Ne4 1/2-1/2

[Event "North American Open 2014"]
[Site "Las Vegas"]
[Date "2014.12.27"]
[Round "4.24"]
[White "Banawa, Joel"]
[Black "Eckert, Doug"]
[Result "1-0"]
[WhiteElo "2361"]
[BlackElo "2218"]
[PlyCount "79"]
[EventDate "2014.12.??"]
[EventType "swiss"]
[EventRounds "9"]
[EventCountry "USA"]
[Source "MonRoi"]

1. d4 Nf6 2. c4 e6 3. Nc3 Bb4 4. Qc2 c5 5. dxc5 Bxc5 6. Nf3 Qb6 7. e3 Qc7 8. b3
b6 9. Bb2 a6 10. Bd3 Nc6 11. a3 Bb7 12. O-O Ng4 13. h3 h5 14. Rfd1 Nce5 15.
Nxe5 Qxe5 16. hxg4 hxg4 17. Be4 g3 18. Qd3 d5 19. Kf1 f5 20. Bf3 gxf2 21. Na4
Qg3 22. Nxc5 bxc5 23. cxd5 Rd8 24. e4 O-O 25. exf5 Rxf5 26. Be4 Rg5 27. Qxg3
Rxg3 28. Bf3 Bxd5 29. Kxf2 Rg5 30. Rd3 Rb8 31. Re3 Bxb3 32. Be5 Rb5 33. Be2 c4
34. Bc3 Rbf5+ 35. Bf3 Kf7 36. Rh1 Bc2 37. Rhe1 Rg6 38. Re5 Rh6 39. Rxf5+ Bxf5
40. Re5 1-0

[Event "North American Open 2014"]
[Site "Las Vegas"]
[Date "2014.12.27"]
[Round "4.29"]
[White "Li, Ruifeng"]
[Black "Korba, Nicky"]
[Result "1-0"]
[WhiteElo "2351"]
[BlackElo "2129"]
[PlyCount "53"]
[EventDate "2014.12.??"]
[EventType "swiss"]
[EventRounds "9"]
[EventCountry "USA"]
[Source "MonRoi"]

1. e4 e6 2. d4 d5 3. Nc3 Bb4 4. exd5 exd5 5. Bd3 Nc6 6. a3 Bd6 7. Nb5 Nge7 8.
Qf3 Be6 9. Ne2 Qd7 10. Nxd6+ Qxd6 11. c3 O-O-O 12. O-O Qd7 13. b4 Bf5 14. a4
Bxd3 15. Qxd3 Nf5 16. Bf4 Nd6 17. Bxd6 Qxd6 18. a5 Ne7 19. b5 Kb8 20. Nc1 Ng6
21. Nb3 Nf4 22. Qf3 h5 23. Nc5 g5 24. a6 g4 25. Qd1 Rdg8 26. axb7 Ne6 27. Qa4
1-0

[Event "North American Open 2014"]
[Site "Las Vegas"]
[Date "2014.12.28"]
[Round "5.4"]
[White "Bu, Xiangzhi"]
[Black "Bryant, John"]
[Result "1-0"]
[WhiteElo "2691"]
[BlackElo "2367"]
[PlyCount "95"]
[EventDate "2014.12.??"]
[EventType "swiss"]
[EventRounds "9"]
[EventCountry "USA"]
[Source "MonRoi"]

1. Nf3 Nf6 2. c4 e6 3. g3 d5 4. Bg2 Be7 5. d4 O-O 6. Qc2 c6 7. O-O b6 8. Nbd2
Ba6 9. b3 Nbd7 10. e4 Rc8 11. Bb2 c5 12. exd5 exd5 13. Rfe1 Re8 14. Rad1 cxd4
15. Nxd4 Qc7 16. Qc3 dxc4 17. Nf5 Bf8 18. Rxe8 Rxe8 19. Nxc4 Re6 20. Nce3 Qxc3
21. Bxc3 g6 22. Nd4 Rd6 23. Bb4 Nc5 24. Nc6 Rxd1+ 25. Nxd1 Bb7 26. Nxa7 Bxg2
27. Kxg2 Nd5 28. Bxc5 Bxc5 29. Nb5 Kf8 30. a3 Ke8 31. b4 Be7 32. Kf3 Kd7 33.
Ke4 Ke6 34. Ne3 f5+ 35. Kd3 Nxe3 36. Kxe3 Kd5 37. Kd3 g5 38. Nd4 f4 39. gxf4
gxf4 40. f3 Bf6 41. Ne2 Be5 42. a4 Bc7 43. Nc3+ Ke5 44. Kc4 Bd8 45. Ne2 Bc7 46.
Kb5 Kd5 47. a5 bxa5 48. bxa5 1-0

[Event "North American Open 2014"]
[Site "Las Vegas"]
[Date "2014.12.28"]
[Round "5.5"]
[White "Yankovsky, Roman"]
[Black "Gareyev, Timur"]
[Result "0-1"]
[WhiteElo "2436"]
[BlackElo "2621"]
[PlyCount "102"]
[EventDate "2014.12.??"]
[EventType "swiss"]
[EventRounds "9"]
[EventCountry "USA"]
[Source "MonRoi"]

1. e4 c5 2. Nf3 Nc6 3. d4 cxd4 4. Nxd4 Nf6 5. Nc3 d6 6. Nb3 e6 7. Bf4 a6 8. Qd2
Qc7 9. O-O-O Ne5 10. Bg5 Be7 11. Bxf6 Bxf6 12. Qxd6 Qxd6 13. Rxd6 Ke7 14. Rb6
Ng4 15. f4 Bxc3 16. bxc3 Nf2 17. Rg1 Nxe4 18. c4 Nf6 19. Be2 Nd7 20. Rb4 b6 21.
Bf3 Ra7 22. Bc6 Rc7 23. Bxd7 Bxd7 24. Rxb6 Rxc4 25. g3 Rhc8 26. Rg2 Bc6 27. Rd2
Be4 28. Rxa6 Rxc2+ 29. Kd1 R2c7 30. Nd4 Rd7 31. Ke2 Rc3 32. Ra5 g6 33. Kf2 h5
34. Re5 Bd5 35. Re3 Rc1 36. Re1 Rdc7 37. Rxc1 Rxc1 38. Rb2 h4 39. gxh4 Rc3 40.
Ne2 Rh3 41. a4 Rxh2+ 42. Ke3 Rxh4 43. Nc3 Bc6 44. a5 Kd6 45. a6 Rh3+ 46. Kd4
Rf3 47. a7 Rxf4+ 48. Ke3 Rf3+ 49. Kd2 Rf1 50. Ra2 Ba8 51. Ke2 Rf5 0-1

[Event "North American Open 2014"]
[Site "Las Vegas"]
[Date "2014.12.28"]
[Round "5.6"]
[White "Yermolinsky, Alex"]
[Black "Brown, Michael"]
[Result "1-0"]
[WhiteElo "2519"]
[BlackElo "2319"]
[PlyCount "51"]
[EventDate "2014.12.??"]
[EventType "swiss"]
[EventRounds "9"]
[EventCountry "USA"]
[Source "MonRoi"]

1. d4 Nf6 2. c4 e6 3. Nf3 d5 4. g3 Nc6 5. cxd5 exd5 6. Bg2 Bb4+ 7. Nc3 O-O 8.
O-O Ne4 9. Bd2 Re8 10. Rc1 Bg4 11. Nxe4 dxe4 12. Bxb4 exf3 13. exf3 Be6 14. Bc3
Bxa2 15. b3 Qd5 16. f4 Qxb3 17. Qd2 Qc4 18. d5 Ne7 19. Bxg7 Qa6 20. Bc3 Nf5 21.
Rfe1 Bb3 22. Bb2 Ba4 23. Re5 Bd7 24. Rxc7 Qd6 25. Rxd7 Qxd7 26. Bh3 1-0

[Event "North American Open 2014"]
[Site "Las Vegas"]
[Date "2014.12.28"]
[Round "5.7"]
[White "Gallego, Andres"]
[Black "Mitkov, Nikola"]
[Result "1-0"]
[WhiteElo "2411"]
[BlackElo "2482"]
[PlyCount "89"]
[EventDate "2014.12.??"]
[EventType "swiss"]
[EventRounds "9"]
[EventCountry "USA"]
[Source "MonRoi"]

1. d4 d5 2. c4 e6 3. Nc3 Bb4 4. e3 Ne7 5. Bd3 c5 6. a3 Bxc3+ 7. bxc3 dxc4 8.
Bxc4 Qc7 9. Qc2 Bd7 10. Ne2 Nbc6 11. Bd3 Na5 12. Qb1 Ba4 13. O-O c4 14. Bc2
Bxc2 15. Qxc2 Nb3 16. Ra2 O-O 17. e4 a5 18. a4 b5 19. axb5 a4 20. b6 Qxb6 21.
Ba3 Rfe8 22. Rd1 Ng6 23. Ng3 e5 24. d5 Nf4 25. Nf5 Qa6 26. g3 Nd3 27. Qe2 Nbc5
28. Qe3 Qb6 29. Rad2 Rab8 30. Qg5 g6 31. Bxc5 Nxc5 32. d6 Nxe4 33. Ne7+ Rxe7
34. dxe7 Nxd2 35. Qxd2 Kg7 36. Qd7 Qb3 37. Rf1 Qxc3 38. Qxa4 Qd4 39. e8=Q Rxe8
40. Qxe8 c3 41. Qc6 Qd2 42. Qc5 Qd4 43. Qxd4 exd4 44. Rc1 Kf6 45. Kf1 1-0